Demarketing a jeho aplikácia v cestovnom ruchu
Vymedzenie pojmu demarketing. Riziká uplatňovania demarketingu v cestovnom ruchu. Nástroje demarketingu v cestovnom ruchu a praktické príklady ich aplikácie vo svete i na Slovensku.
Salvato in:
| Autore principale: | |
|---|---|
| Natura: | Capitolo di libro |
| Lingua: | slovacco |
| Soggetti: | |
| Tags: |
Nessun Tag, puoi essere il primo ad aggiungerne!!
|
MARC
| LEADER | 00000nla$a2200000$$$4500 | ||
|---|---|---|---|
| 001 | 0120684 | ||
| 005 | 20240502072349.6 | ||
| 041 | 0 | |a slo | |
| 044 | |a SK | ||
| 245 | 1 | 0 | |a Demarketing a jeho aplikácia v cestovnom ruchu |c Kristína Tobolářová |
| 520 | |a Vymedzenie pojmu demarketing. Riziká uplatňovania demarketingu v cestovnom ruchu. Nástroje demarketingu v cestovnom ruchu a praktické príklady ich aplikácie vo svete i na Slovensku. | ||
| 610 | 2 | 0 | |a politika ruchu cestovného |
| 610 | 2 | 0 | |a ruch cestovný |
| 610 | 2 | 0 | |a sprievodcovia |
| 610 | 2 | 0 | |a turistika |
| 610 | 2 | 0 | |a kancelárie turistické informačné |
| 610 | 2 | 0 | |a dopyt |
| 610 | 2 | 0 | |a ponuka |
| 610 | 2 | 0 | |a nástroje marketingové |
| 100 | 1 | |a Tobolářová, Kristína | |